ბათუმის შოთა რუსთაველის სახელმწიფო უნივერსიტეტის ბიბლიოთეკა

კომპიუტერის არქიტექტურა და ორგანიზება (ბიბ.ჩანაწერი № 42999)

000 -LEADER
fixed length control field 01091nam a2200277Ia 4500
001 - CONTROL NUMBER
control field 9716
003 - CONTROL NUMBER IDENTIFIER
control field GE_BSU
008 - FIXED-LENGTH DATA ELEMENTS--GENERAL INFORMATION
fixed length control field 181216s||||||||xx |||||||||||||| ||und||
020 ## - INTERNATIONAL STANDARD BOOK NUMBER
International Standard Book Number 9789941434693
040 ## - CATALOGING SOURCE
Transcribing agency GE_BSU
080 ## - UNIVERSAL DECIMAL CLASSIFICATION NUMBER
Universal Decimal Classification number 004.42(075.8)
100 ## - MAIN ENTRY--PERSONAL NAME
Personal name ხინიკაძე,თენგიზ
245 ## - TITLE STATEMENT
Title კომპიუტერის არქიტექტურა და ორგანიზება
245 ## - TITLE STATEMENT
Remainder of title სახელმძღვ.
245 ## - TITLE STATEMENT
Statement of responsibility, etc. რედ:გ.კახიანი
260 ## - PUBLICATION, DISTRIBUTION, ETC.
Place of publication, distribution, etc. ბათუმი.
260 ## - PUBLICATION, DISTRIBUTION, ETC.
Name of publisher, distributor, etc. შოთა რუსთაველის სახელმწ.უნ-ტის გამ-ბა
260 ## - PUBLICATION, DISTRIBUTION, ETC.
Date of publication, distribution, etc. 2014.
300 ## - PHYSICAL DESCRIPTION
Extent 198გვ;19სმ.
300 ## - PHYSICAL DESCRIPTION
Other physical details ცხრ;ბიბლიოგრ:გვ;195-197
653 ## - INDEX TERM--UNCONTROLLED
Uncontrolled term ინფორმატიკა
653 ## - INDEX TERM--UNCONTROLLED
Uncontrolled term კომპიუტერის არქიტექტურა და ორგანიზება
653 ## - INDEX TERM--UNCONTROLLED
Uncontrolled term საინფორმაციო ტექნოლოგიები
942 ## - ADDED ENTRY ELEMENTS (KOHA)
Koha item type წიგნი
ეგზემპლარები
Withdrawn status Lost status Damaged status Not for loan Date acquired Barcode Date last seen Price effective from Koha item type
        2018-12-17 33051 2018-12-17 2018-12-17 წიგნი
        2018-12-17 33052 2018-12-17 2018-12-17 წიგნი
        2018-12-17 33053 2018-12-17 2018-12-17 წიგნი
        2018-12-17 33054 2018-12-17 2018-12-17 წიგნი
        2018-12-17 33055 2018-12-17 2018-12-17 წიგნი
        2018-12-17 33056 2018-12-17 2018-12-17 წიგნი
        2018-12-17 33057 2018-12-17 2018-12-17 წიგნი
        2018-12-17 33058 2018-12-17 2018-12-17 წიგნი
        2018-12-17 33059 2018-12-17 2018-12-17 წიგნი
        2018-12-17 33060 2018-12-17 2018-12-17 წიგნი
        2018-12-17 33061 2018-12-17 2018-12-17 წიგნი
        2018-12-17 33062 2018-12-17 2018-12-17 წიგნი
        2018-12-17 33063 2018-12-17 2018-12-17 წიგნი
        2018-12-17 33064 2018-12-17 2018-12-17 წიგნი
        2018-12-17 33065 2018-12-17 2018-12-17 წიგნი
        2018-12-17 33066 2018-12-17 2018-12-17 წიგნი
        2018-12-17 33067 2018-12-17 2018-12-17 წიგნი
        2018-12-17 33068 2018-12-17 2018-12-17 წიგნი
        2018-12-17 33069 2018-12-17 2018-12-17 წიგნი
        2018-12-17 33070 2018-12-17 2018-12-17 წიგნი
        2018-12-17 33071 2018-12-17 2018-12-17 წიგნი
        2018-12-17 33072 2018-12-17 2018-12-17 წიგნი
        2018-12-17 33073 2018-12-17 2018-12-17 წიგნი
        2018-12-17 33074 2018-12-17 2018-12-17 წიგნი
        2018-12-17 33075 2018-12-17 2018-12-17 წიგნი
        2018-12-17 33076 2018-12-17 2018-12-17 წიგნი
        2018-12-17 33077 2018-12-17 2018-12-17 წიგნი
        2018-12-17 33078 2018-12-17 2018-12-17 წიგნი
        2018-12-17 33079 2018-12-17 2018-12-17 წიგნი
        2018-12-17 33080 2018-12-17 2018-12-17 წიგნი
        2018-12-17 33081 2018-12-17 2018-12-17 წიგნი
        2018-12-17 33082 2018-12-17 2018-12-17 წიგნი
        2018-12-17 33083 2018-12-17 2018-12-17 წიგნი
        2018-12-17 33084 2018-12-17 2018-12-17 წიგნი
        2018-12-17 33085 2018-12-17 2018-12-17 წიგნი
        2018-12-17 33086 2018-12-17 2018-12-17 წიგნი
        2018-12-17 33087 2018-12-17 2018-12-17 წიგნი
        2018-12-17 33089 2018-12-17 2018-12-17 წიგნი
        2018-12-17 33088 2018-12-17 2018-12-17 წიგნი
        2018-12-17 33090 2018-12-17 2018-12-17 წიგნი
        2018-12-17 33091 2018-12-17 2018-12-17 წიგნი
        2018-12-17 33092 2018-12-17 2018-12-17 წიგნი
        2018-12-17 33093 2018-12-17 2018-12-17 წიგნი
        2018-12-17 33094 2018-12-17 2018-12-17 წიგნი
        2018-12-17 33095 2018-12-17 2018-12-17 წიგნი